Szociális biztonsági koordináció, bilaterális megállapodások és a Gottardo-elv érvényesülése

Elmentve itt :
Bibliográfiai részletek
Szerző: Hajdú József
Dokumentumtípus: Könyv része
Megjelent: 2014
Sorozat:Szegedi egyetemi tudástár
Bölcsészet- és társadalomtudományok
Kulcsszavak:Szociális jog - Európa, Szociálpolitika - Európai Unió
Tárgyszavak:
Online Access:http://acta.bibl.u-szeged.hu/35794
LEADER 00826naa a2200217 i 4500
001 acta35794
005 20220125081818.0
008 161017s2014 hu o 0|| hun d
040 |a SZTE Egyetemi Kiadványok Repozitórium  |b hun 
041 |a hun 
100 1 |a Hajdú József 
245 1 0 |a Szociális biztonsági koordináció, bilaterális megállapodások és a Gottardo-elv érvényesülése  |h [elektronikus dokumentum] /  |c  Hajdú József 
260 |c 2014 
300 |a 40-55 
490 0 |a Szegedi egyetemi tudástár 
490 0 |a Bölcsészet- és társadalomtudományok 
650 4 |a Társadalomtudományok 
650 4 |a Szociológia 
650 4 |a Jogtudomány 
695 |a Szociális jog - Európa, Szociálpolitika - Európai Unió 
856 4 0 |u http://acta.bibl.u-szeged.hu/35794/1/tudastar_007_040-055.pdf  |z Dokumentum-elérés